| 000 | 00714nam a22002177a 4500 | ||
|---|---|---|---|
| 005 | 20210325204917.0 | ||
| 008 | s2010 eng d | ||
| 020 | _a9780521768900 | ||
| 041 | _aeng | ||
| 090 | _aKG10.A78 E43 2010 | ||
| 100 | 0 | _aThiruvengadam, Arun K., ed. | |
| 245 | 1 | 0 | _aEmergency powers in Asia : exploring the limits of legality |
| 260 | 3 |
_aCambridge : _bCambridge University Press, _c2010 |
|
| 300 |
_a517 p. ; _b 23 cm. |
||
| 650 | 0 | 4 | _aWar and emergency powers -- Asia |
| 850 | _aNALT | ||
| 942 | _cLB | ||
| 997 |
_a9048 _kVC |
||
| 997 | _c000000000062140 | ||
| 998 | _aนางสุกัญญา กัลยา | ||
| 999 |
_c62140 _d62140 |
||